00767nab a2200217uuc4500001000800000005001700008008004100025035001200066035002100078040001300099041000800112100003700120245009000157650001700247650002800264650003000292700003300322700003400355700004700389773011300436103701320240202082459.0070717e20070201 spa  a1037013 a(OCoLC)820201015 ccomduadb aspa10aValdes Renteria, C. F.4auteaut13aLa eficiencia energetica de procesos de co-gasificacion : metodologia para su calculo aCombustión aEficiencia energética aCarbón - Gasificación10aEmery Genes, E. J.4auteaut10aChejne Janna, Farid4auteaut10aVélez Jaramillo, Luis Fernando4auteaut0 tIngeniería Química (Madrid)gVol. 39, No. 444, Feb. 2007, p. 82, 84, 86, 88-89w102048x0210-2064089813